00930nam a2200253 a 450000100060000000300080000600500170001400800410003103500190007204000390009104100080013008200250013810000260016324500750018926000340026430000200029850000540031850400300037260000700040265000320047294200120050499900170051695201430053379641BD-RjUL20220330161334.0220330s1965 ie b 000 0 eng  a(BD-RjUL)79641 aDLCcScUdOCoLCdOTUdUkdDLCbeng aeng 223a822.91bCLW 19651 aClark, David R.9216010aW.B. Yeats and the theatre of desolate reality /c[by] David R. Clark. aDublin :bDolmen Press,c1965 a125 p.;c21 cm. aRevision of the author's thesis, Yale University. aBibliography: p. 123-125.10aYeats, W. B.q(William Butler),d1865-1939xDramatic works.92161 0aRealism in literature92162 2ddccBK c79641d79641 00102ddc40718NFICaRUCLbRUCLcGENd1968-07-01eSwet & Zeitlingerg30.00l0o822.91 CLW 1965r2022-03-30 00:00:00tC-1w2022-03-30yBK